Ferrocement (Record no. 22587)
[ view plain ]
| 000 -LEADER | |
|---|---|
| fixed length control field | 00498nam a22001697a 4500 |
| 008 - FIXED-LENGTH DATA ELEMENTS--GENERAL INFORMATION | |
| fixed length control field | 230424b |||||||| |||| 00| 0 eng d |
| 040 ## - CATALOGING SOURCE | |
| Original cataloging agency | National Science Library |
| Transcribing agency | National Science Library |
| 080 ## - UNIVERSAL DECIMAL CLASSIFICATION NUMBER | |
| Universal Decimal Classification number | 666.98 |
| Item number | L8 |
| 100 ## - MAIN ENTRY--PERSONAL NAME | |
| Personal name | Paul, Bishwendu K |
| 9 (RLIN) | 7228 |
| 245 ## - TITLE STATEMENT | |
| Title | Ferrocement |
| 260 ## - PUBLICATION, DISTRIBUTION, ETC. | |
| Place of publication, distribution, etc. | Bangkok: |
| Name of publisher, distributor, etc. | International Ferrocement Information Center, |
| Date of publication, distribution, etc. | 1978 |
| 300 ## - PHYSICAL DESCRIPTION | |
| Extent | xv, 149p. |
| 650 ## - SUBJECT ADDED ENTRY--TOPICAL TERM | |
| Topical term or geographic name entry element | Chemical technology |
| 653 ## - INDEX TERM--UNCONTROLLED | |
| Uncontrolled term | Steels |
| 700 ## - ADDED ENTRY--PERSONAL NAME | |
| Personal name | Pama, Ricardo P |
| 942 ## - ADDED ENTRY ELEMENTS (KOHA) | |
| Source of classification or shelving scheme | Universal Decimal Classification |
| Koha item type | Reference |
| Withdrawn status | Lost status | Damaged status | Not for loan | Collection | Home library | Current library | Shelving location | Date acquired | Total Checkouts | Full call number | Barcode | Date last seen | Price effective from | Koha item type |
|---|---|---|---|---|---|---|---|---|---|---|---|---|---|---|
| Reference | National Science Library | National Science Library | GF/Rk-20/C-9/R-4 | 28/01/1980 | 666.98 L8 | 89927 | 24/04/2023 | 28/01/1980 | Reference |